LEADER 01069nam a2200277 i 4500 001 991004149929707536 005 20020509154906.0 008 010704s1988 it ||| | ita 020 $a8870429318 035 $ab11274402-39ule_inst 035 $aPARLA196531$9ExL 040 $aDip.to Filosofia$bita 082 0 $a944.034 100 1 $aSozzi, Lionello$0131091 245 13$aIl principe e il filosofo :$bintellettuali e potere in Francia dai philosophes all'affaire Dreyfus :$bsaggi /$craccolti da Lionello Sozzi ; presentazione di Paolo Alatri 260 $aNapoli :$bGuida,$c1988 300 $a380 p. ;$c23 cm. 490 0 $aGuida ricerca 650 4$aIntellettuali francesi$ySec. 18.-19. 650 4$aPolitica e cultura$zFrancia$ySec. 18.-19. 907 $a.b11274402$b23-02-17$c01-07-02 912 $a991004149929707536 945 $aLE005IF XLIX D 41$g1$iLE005IFA-3286$lle005$o-$pE0.00$q-$rl$s- $t0$u0$v0$w0$x0$y.i11438253$z01-07-02 996 $aPrincipe e il filosofo$9865059 997 $aUNISALENTO 998 $ale005$b01-01-01$cm$da $e-$fita$git $h3$i1 LEADER 01856nam 2200457Ia 450 001 9910700334403321 005 20110908150816.0 035 $a(CKB)5470000002409645 035 $a(OCoLC)741756026 035 $a(EXLCZ)995470000002409645 100 $a20110720d2010 ua 0 101 0 $aeng 135 $aurcn||||||||| 181 $ctxt$2rdacontent 182 $cc$2rdamedia 183 $acr$2rdacarrier 200 10$aTwenty-five years of managing vegetation in conifer plantations in northern and central California$b[electronic resource] $eresults, application, principles, and challenges /$fPhilip M. McDonald and Gary O. Fiddler 210 1$a[Albany, CA] :$cU.S. Dept. of Agriculture, Forest Service, Pacific Southwest Research Station,$d[2010] 215 $a1 online resource (88 pages) $ccolor illustrations 225 1 $aGeneral Technical report PSW-GTR ;$v231 300 $aTitle from title screen (viewed July 19, 2011). 300 $a"October 2010." 320 $aIncludes bibliographical references (pages 77-88). 517 $aTwenty-five years of managing vegetation in conifer plantations in northern and central California 606 $aConifers$zCalifornia$xManagement 606 $aConifers$xSeedlings 606 $aVegetation management$zCalifornia 606 $aVegetation dynamics$zCalifornia 615 0$aConifers$xManagement. 615 0$aConifers$xSeedlings. 615 0$aVegetation management 615 0$aVegetation dynamics 700 $aMcDonald$b Philip Mark$01387104 701 $aFiddler$b Gary O$01387105 712 02$aPacific Southwest Research Station. 801 0$bGPO 801 1$bGPO 906 $aBOOK 912 $a9910700334403321 996 $aTwenty-five years of managing vegetation in conifer plantations in northern and central California$93485824 997 $aUNINA